000 00314nam a2200121Ia 4500
008 220217s9999||||xx |||||||||||||| ||und||
082 _a510 CHA
100 _aK.S.C
245 0 _aEngineering mathematics III
260 _aSudha publications
_bBangalore
_c2011
300 _a482p.
_b330
650 _aMATHEMATICS
999 _c182547
_d182547